| 000 | 00565nam a2200193 4500 | ||
|---|---|---|---|
| 001 | 109585 | ||
| 003 | ES-SlBCS | ||
| 005 | 20210327224050.0 | ||
| 008 | 141111b xxu||||| |||| 00| 0 spa d | ||
| 020 | _a2070533018 | ||
| 040 |
_bspa _cES-SlBCS |
||
| 100 | 1 |
_aVialou, Denis _995952 |
|
| 245 | 1 | 3 |
_aAu coeur de la préhistoire _b: chasseurs et artistes _cDenis Vialou |
| 260 |
_a[Paris] : _bGallimard _c, 2006 |
||
| 300 |
_a159 p. : _bill. en coul., couv. ill. en coul ; _c18 cm |
||
| 490 |
_aHistoire _p ; 295 |
||
| 650 | 0 | 4 |
_aPrehistoria _914643 |
| 942 |
_2lcc _cBK |
||
| 999 |
_c457434 _d457434 |
||